000
00321nam a22001457a 4500
003
OSt
005
20211231130021.0
008
211231b |||||||| |||| 00| 0 eng d
020
_a
0079119565
040
_c
HU
082
_a
006.7
100
_a
Hofstetter
_9
26609
245
_a
Multimedia Literacy
942
_2
ddc
_c
BOOKS
_n
0
999
_c
25535
_d
25535